Normal view MARC view
  • McMahon,Chris

Entry Personal Name

Number of records used in: 1

001 - CONTROL NUMBER

  • control field: 81120

003 - CONTROL NUMBER IDENTIFIER

  • control field: NUST

005 - DATE AND TIME OF LATEST TRANSACTION

  • control field: 20210729115151.0

008 - FIXED-LENGTH DATA ELEMENTS

  • fixed length control field: 210729|| aca||aabn | a|a d

040 ## - CATALOGING SOURCE

  • Original cataloging agency: NUST
  • Transcribing agency: NUST

100 ## - HEADING--PERSONAL NAME

  • Personal name: McMahon,Chris

670 ## - SOURCE DATA FOUND

  • Source citation: Work cat.: (NUST)31709: McMahon,Chris, CAD CAM PRINCIPLES PRACTICE AND MANUFACTURING / , 2005.
© 2023 Central Library, National University of Sciences and Technology. All Rights Reserved.